000 00943namaa22002171 4500
001 173770
003 ES-MaACL
005 20250519193012.0
008 100118s1873 sp |||| | spa d
040 _aSpMaBN
_bspa
_cA2
100 1 _aLiern, Rafael María.
_972253
245 1 3 _aEl Barbero de Rossini
_b: juguete bufo-lirico en un acto /
_carreglado... por Amalfi [seud.] ; musica de Rafael de Aceves.
260 _aMadrid :
_b[s.n.],
_c1873 (
_fJosé Rodriguez)
300 _a24 p. ;
_c20 cm.
500 _aSolo la letra.
500 _aEn la port.: Representado en el Teatro del Retiro el 1º de julio de 1873.
700 1 _aAceves, Rafael.
_9125537
700 1 _aRossini, Gioachino,
_d1792-1868
_9240542
852 _aES-MaACL
_jB-8603(10)
_z.- Enc. pasta española
_q.- Falto de la cub. original
_z.- Enc. en un vol. facticio formando parte de la col. facticia "Teatro español moderno", vol. 56
999 _c173770
_d173770